Gagnants Champions Valorant - Statistiques

Statistiques générales
  • Ce quiz a été pris 67 fois
    50 depuis la dernière actualisation
  • Le résultat moyen est 12 sur 30
Statistiques - réponses
Hint Réponse % Correct
2022 aspas
67%
2023 Ethan
61%
Ethan
61%
2022 Saadhak
61%
NRG
58%
brawk
53%
EDward Gaming
53%
2023 Demon1
50%
Loud
50%
mada
50%
2024 ZmjjKK
50%
2022 Less
44%
s0m
44%
2024 CHICHOO
42%
2023 jawgemo
42%
Evil Geniuses
39%
skuba
39%
2023 C0M
36%
2022 Sacy
36%
2021 starxo
36%
Acend
33%
2023 Boostio
33%
2021 cNed
31%
2024 S1Mon
31%
2022 pANcada
28%
2024 nobody
22%
2024 Smoggy
22%
2021 BONECOLD
8%
2021 zeek
8%
2021 Kiles
6%
Aucun quiz correspondant
Distribution des résultats
% des personnes avec chaque résultat
Percentile par nombre de réponses
Votre historique - résultats
Vous n’avez pas pris ce quiz depuis la dernière actualisation